Κατάλογος Βιβλιοθηκών Mediterranean College

Γνωστική Ψυχολογία (Record no. 8253)

MARC details
000 -LEADER
fixed length control field 02223cam a22002174a 4500
005 - ΗΜΕΡΟΜΗΝΙΑ ΚΑΙ ΩΡΑ ΤΕΛΕΥΤΑΙΑΣ ΕΝΗΜΕΡΩΣΗΣ
Πεδίο ελέγχου 20250605164331.0
008 - FIXED-LENGTH DATA ELEMENTS--GENERAL INFORMATION
Πεδίο ελέγχου σταθερού μήκους 250528s ||||||||||||||||||||||||d
035 ## - SYSTEM CONTROL NUMBER
System control number 23224
020 ## - ISBN
ISBN 9789609539975
040 ## - ΠΗΓΗ ΚΑΤΑΛΟΓΟΓΡΑΦΗΣΗΣ
Φορέας πρωτότυπης καταλογογράφησης MC Athens Campus Library
Γλώσσα καταλογογράφησης Ελληνικά, Μοντέρνα (1453-)
Modifying agency MC Athens Campus Library
Κανόνες περιγραφικής καταλογογράφησης AACR2
245 1# - ΤΙΤΛΟΣ ΚΑΙ ΔΗΛΩΣΗ ΥΠΕΥΘΥΝΟΤΗΤΑΣ
Τίτλος Γνωστική Ψυχολογία
260 ## - PUBLICATION, DISTRIBUTION, ETC.
Name of publisher, distributor, etc. Διάδραση,
Date of publication, distribution, etc. 2011
300 ## - PHYSICAL DESCRIPTION
Extent 834
520 ## - SUMMARY, ETC.
Summary, etc. Ο συγγραφέας αυτού του βιβλίου μιλάει με εξαιρετική σαφήνεια και με ιδιαίτερα προσιτό τρόπο για τη φύση της Γνωστικής Ψυχολογίας, την προσοχή και τη συνείδηση, την αντίληψη, τη μνήμη, την αναπαράσταση της γνώσης, τη γλώσσα, τη λύση προβλημάτων και τη δημιουργηκότητα, τη λήψη αποφάσεων και τη λογική σκέψη, τη γνωστική ανάπτυξη και τη νοημοσύνη. Εισαγωγή στη Γνωστική Ψυχολογία, Γνωστική Νευροεπιστήμη, Προσοχή και Συνείδηση, Η Αντίληψη, Η Μνήμη: Μοντέλα Μνήμης και Ερευνητικές Μέθοδοι, Οι Μνημονικές Διαδικασίες, Η Αναπαράσταση της Γνώσης: Νοητικές Εικόνες και Προτασιακές Μονάδες, Η Αναπαράσταση και η Οργάνωση της Γνώσης, Η Φύση και η Κατάκτηση της Γλώσσας, Το Γνωστικό και Κοινωνικό και Φυσιολογικό Πλαίσιο της Χρήσης της Γλώσσας, Λύση Προβλημάτων και Δημιουργικότητα, Λήψη Αποφάσεων και Λογική Σκέψη, Γνωστική Ανάπτυξη, Ανθρώπινη και Τεχνητή Νοημοσύνη, Γλωσσάρι, Βιβλιογραφία, Ευρετήριο Ονομάτων και Όρων.
700 1# - ΠΡΟΣΘΕΤΗ ΑΝΑΓΡΑΦΗ--ΦΥΣΙΚΟ ΠΡΟΣΩΠΟ
Personal name Stenberg Robert J
9 (RLIN) 254
700 1# - ΠΡΟΣΘΕΤΗ ΑΝΑΓΡΑΦΗ--ΦΥΣΙΚΟ ΠΡΟΣΩΠΟ
Personal name Καΐλα Μαρία
9 (RLIN) 8177
700 1# - ΠΡΟΣΘΕΤΗ ΑΝΑΓΡΑΦΗ--ΦΥΣΙΚΟ ΠΡΟΣΩΠΟ
Personal name Ξανθάκου Γίωτα
9 (RLIN) 8178
942 ## - ADDED ENTRY ELEMENTS (KOHA)
Koha item type Books
Holdings
Τύπος τεκμηρίου Βιβλιοθήκη Τρέχουσα τοποθεσία Barcode Αριθμός εισαγωγής Ημερομηνία απόκτησης Ταξιθετικό σύμβολο Αριθμός αντιτύπου Κατάσταση απόσυρσης Κατάσταση χαμένου Κατάσταση κατεστραμμένου Μη δανεισμός Σύνολο δανεισμών Σύνολο ανανεώσεων Ημερομηνία τελευταίας εμφάνισης Χρονολογία τελευταίου δανεισμού Η τιμή ισχύει από
Books MC Athens Campus Library MC Athens Campus Library 9780000082527 7637 05/06/2025 153 STE 1         4 4 07/01/2026 18/12/2025 05/06/2025

MC Athens Campus Library
Πατησίων 94 & Κοδριγκτώνος 13, 104 34
Πελλήνης 8 & Πατησίων 107, 112 51
Τ: +30 210 8899600

MC Thessaloniki Campus Library
Ίωνος Δραγούμη 21, 54625 | Ίωνος Δραγούμη 15, 54625
Τ: +30 2310 287779 – Τ: +30 2314 440300